LEADER 00769cam0-22003011i-450- 001 990004541520403321 005 20120718123735.0 035 $a000454152 035 $aFED01000454152 035 $a(Aleph)000454152FED01 035 $a000454152 100 $a19990604d1945----km-y0itay50------ba 101 0 $alat$aita 102 $aIT 105 $ay-------001yy 200 1 $aActa Martyrum$fa cura di Giovanni Barra 210 $aTorino$cChiantore$d1945 215 $a274 p.$d18 cm 610 0 $aMartiri cristiani 676 $a272 702 1$aBarra,$bGiovanni 801 0$aIT$bUNINA$gRICA$2UNIMARC 901 $aBK 912 $a990004541520403321 952 $a272 BAR 1$bBibl. 18625$fFLFBC 959 $aFLFBC 996 $aActa martyrum$956007 997 $aUNINA LEADER 02291oam 2200709zu 450 001 9910788245503321 005 20220913192134.0 035 $a(CKB)3170000000053207 035 $a(SSID)ssj0000702414 035 $a(PQKBManifestationID)12249730 035 $a(PQKBTitleCode)TC0000702414 035 $a(PQKBWorkID)10679566 035 $a(PQKB)10716995 035 $a(MiAaPQ)EBC5693225 035 $a(EXLCZ)993170000000053207 100 $a20160829d2004 uy 101 0 $afre 181 $ctxt 182 $cc 183 $acr 200 12$aL'autisme, une autre intelligence : diagnostic, cognition et support des personnes autistes sans déficience intellectuelle 210 31$a[Place of publication not identified]$cMardaga$d2004 300 $aBibliographic Level Mode of Issuance: Monograph 311 $a2-87009-869-3 606 $aMental Disorders Diagnosed in Childhood 606 $aAttitude to Health 606 $aAge Groups 606 $aPersonality 606 $aPersons 606 $aDelivery of Health Care 606 $aAttitude 606 $aMental Disorders 606 $aBehavior and Behavior Mechanisms 606 $aHealth Care Quality, Access, and Evaluation 606 $aHealth Care 606 $aIntelligence 606 $aChild Development Disorders, Pervasive 606 $aHealth Knowledge, Attitudes, Practice 606 $aInfant 606 $aChild 615 2$aMental Disorders Diagnosed in Childhood 615 2$aAttitude to Health 615 2$aAge Groups 615 2$aPersonality 615 2$aPersons 615 2$aDelivery of Health Care 615 2$aAttitude 615 2$aMental Disorders 615 2$aBehavior and Behavior Mechanisms 615 2$aHealth Care Quality, Access, and Evaluation 615 2$aHealth Care 615 2$aIntelligence 615 2$aChild Development Disorders, Pervasive 615 2$aHealth Knowledge, Attitudes, Practice 615 2$aInfant 615 2$aChild 700 $aMottron$b Laurent$01463850 801 0$bPQKB 906 $aBOOK 912 $a9910788245503321 996 $aL'autisme, une autre intelligence : diagnostic, cognition et support des personnes autistes sans déficience intellectuelle$93673564 997 $aUNINA LEADER 03354nam0 2200673 i 450 001 VAN00124367 005 20240806100816.187 017 70$2N$a9783319705668 100 $a20191015d2017 |0itac50 ba 101 $aeng 102 $aCH 105 $a|||| ||||| 200 1 $aAlgorithmic and Experimental Methods in Algebra, Geometry, and Number Theory$fGebhard Böckle, Wolfram Decker, Gunter Malle editors 210 $aCham$cSpringer$d2017 215 $aix, 763 p.$cill.$d24 cm 500 1$3VAN00235381$aAlgorithmic and Experimental Methods in Algebra, Geometry, and Number Theory$91563114 606 $a06Bxx$xLattices [MSC 2020]$3VANC029101$2MF 606 $a11Fxx$xDiscontinuous groups and automorphic forms [MSC 2020]$3VANC021451$2MF 606 $a11Gxx$xArithmetic algebraic geometry (Diophantine geometry) [MSC 2020]$3VANC021463$2MF 606 $a13Pxx$xComputational aspects and applications [MSC 2020]$3VANC029095$2MF 606 $a14Gxx$xArithmetic problems in algebraic geometry; Diophantine geometry [MSC 2020]$3VANC021799$2MF 606 $a14H40$xJacobians, Prym varieties [MSC 2020]$3VANC023902$2MF 606 $a14Qxx$xComputational aspects in algebraic geometry [MSC 2020]$3VANC020815$2MF 606 $a14Txx$xTropical geometry [MSC 2020]$3VANC029005$2MF 606 $a16Exx$xHomological methods in associative algebras [MSC 2020]$3VANC021691$2MF 606 $a16Gxx$xRepresentation theory of associative rings and algebras [MSC 2020]$3VANC022014$2MF 606 $a20Cxx$xRepresentation theory of groups [MSC 2020]$3VANC019743$2MF 606 $a20Exx$xStructure and classification of infinite or finite groups [MSC 2020]$3VANC023969$2MF 606 $a51F15$xReflection groups, reflection geometries [MSC 2020]$3VANC023800$2MF 606 $a52Bxx$xPolytopes and polyhedra [MSC 2020]$3VANC023824$2MF 610 $aArithmetic Geometry$9KW:K 610 $aAssociative Algebras$9KW:K 610 $aComputational Group Theory$9KW:K 610 $aComputational algebraic geometry$9KW:K 610 $aComputer algebra$9KW:K 610 $aFinite Group Theory$9KW:K 610 $aGröbner basis$9KW:K 610 $aJacobians and Abelian Varieties$9KW:K 610 $aLattices$9KW:K 610 $aModular forms$9KW:K 610 $aPolyhedral Geometry$9KW:K 610 $aRational Points$9KW:K 610 $aReal and Complex Multiplication$9KW:K 610 $aReflection Arrangements$9KW:K 610 $aRepresentation Theory$9KW:K 610 $aTropical Geometry$9KW:K 620 $aCH$dCham$3VANL001889 702 1$aBöckle$bGebhard$3VANV080477 702 1$aDecker$bWolfram$3VANV095333 702 1$aMalle$bGunter$3VANV095808 712 $aSpringer $3VANV108073$4650 801 $aIT$bSOL$c20250307$gRICA 856 4 $uhttp://doi.org/10.1007/978-3-319-70566-8$zE-book ? Accesso al full-text attraverso riconoscimento IP di Ateneo, proxy e/o Shibboleth 899 $aBIBLIOTECA DEL DIPARTIMENTO DI MATEMATICA E FISICA$1IT-CE0120$2VAN08 912 $fN 912 $aVAN00124367 950 $aBIBLIOTECA DEL DIPARTIMENTO DI MATEMATICA E FISICA$d08DLOAD e-book 0546 $e08eMF546 20191015 996 $aAlgorithmic and Experimental Methods in Algebra, Geometry, and Number Theory$91563114 997 $aUNICAMPANIA